000 00581nam a2200181Ia 4500
003 SGT
020 _a9788131716250
082 _a5.74
_bELM
100 _aElmasri, Ramez
245 _aFundamentals of database systems
250 _a5th Ed.
260 _bPearson
_aN.Delhi
_c2011
300 _a1143p.
650 _aCOMPUTER SCIENCE
653 _aINTRODUCTION AND CONCEPTUAL MODELING,RELATIONAL MODEL: CONCEPTS,CONSTRAINTS,LANGUAGES,TRANSACTION PROCESSING CONCEPTS,OBJECT AND OBJECT-RELATIONAL DATABASES,EMERGING TECHNOLOGIES
700 _aNavathe,Shamkant B
942 _2ddc
_cBK
_05
999 _c5475
_d5475